Cidade Viva - Statistics

Estatísticas Gerais
  • Esse quiz foi jogado 6 vezes
  • A pontuação média é 13 de 67
Estatísticas das Respostas
Hint Resposta % Correto
Rede Rede Jump
60%
Rede Rede Kids
60%
Área/Ministério Sonoplastia
60%
Igreja Aeroclube
40%
Igreja Altiplano
40%
Área/Ministério Banda
40%
Pastor/Líder Davi Viana
40%
Área/Ministério Iluminação
40%
Rede Rede Livre
40%
Rede Rede Nuvem
40%
Rede Rede S2
40%
Igreja Sapé
40%
Pastor/Líder Sérgio Queiroz
40%
Ministério Shammah
40%
Ministério Vida em Cena
40%
Igreja Zona Sul
40%
Ministério Ambiente Vivo
20%
Ministério Anjos da Noite
20%
Igreja Brasília
20%
Igreja Capela
20%
Outros Escola
20%
Outros Faculdade
20%
Ministério Felizidade
20%
Outros Fundação
20%
Pastor/Líder Gustavo Araújo
20%
Pastor/Líder Hygo
20%
Área/Ministério Integração
20%
Pastor/Líder Jacó Adonias
20%
Renegado Kevin
20%
Ministério Living City
20%
Área/Ministério Mídia/Comunicação
20%
Área/Ministério Mutimídia
20%
Igreja Natal
20%
Rede Rede Entre Amigas
20%
Rede Rede Guardiões
20%
Renegado Richard
20%
Pastor/Líder Samara Queiroz
20%
Igreja São Paulo
20%
Outros Sementes
20%
Outros Snacks/Raízes
20%
Ministério Sorriso Aberto
20%
Área/Ministério Staff
20%
Igreja Tambiá
20%
Pastor/Líder Thiago Dutra
20%
Igreja Campina Grande
0%
Ministério Cidade Viva Music
0%
Área/Ministério Conexão
0%
Área/Ministério Controle
0%
Ministério Corredor da Vida
0%
Ministério Criança Viva
0%
Renegado Danielzinho
0%
Área/Ministério Discipulado
0%
Área/Ministério Facilitação
0%
Ministério Food Service CV
0%
Área/Ministério Intercesão
0%
Pastor/Líder Leo
0%
Pastor/Líder Lula
0%
Ministério Mães Que Consolam
0%
Ministério Mãos que falam
0%
Pastor/Líder Moisés
0%
Área/Ministério Pregação
0%
Ministério Renascer
0%
Outros Restaurante
0%
Pastor/Líder Samuel
0%
Pastor/Líder Saulo
0%
Área/Ministério Trânsito
0%
Pastor/Líder Zé Marcelo
0%
Nenhum quiz correspondente encontrado
Distribuição das Pontuações
Porcentagem de Pessoas com Cada Pontuação
Percentil de Números Respondidos
Sua Pontuação Histórica
Você não jogou esse quiz